00363nam a2200145Ia 4500008004100000020001500041041001200056082001600068100001700084245004900101250000800150260003100158300000900189650001900198221030s9999 xx 000 0 und d a8126112492 aEnglish a105.23bBha aV. K. Bhalla 0aFinancial Management & Policy - Text & Cases a3rd bAnmol PubaNew Delhic1998 a1306 aMCA Management